000 00862nam a2200253Ia 4500
003 OSt
005 20220925194305.0
006 a|||||r|||| 00| 0
007 ta
008 220923b |||||||| |||| 00| 0 eng d
020 _a9780674736788
_c2428.4899999999998
037 _b5509, 17/07/2015, RAJKIRAN BOOK AGENCY
_cGeneral Book
040 _aRTL
_cRTL
_beng
041 _2eng
_aeng
082 _aX:(Z,81):(G:55).73, Q5
100 _aCANNON Jonathan Z
_9250843
245 0 _aEnvironment in the balance
_b The green movement and the Supereme Court
260 _aCambridge
_bHarvard University Press
_c2015
300 _a374p
_ccm.
500 _aBibliography: p419-437
650 _aEconomics
942 _hX:(Z,81):(G:55).73, Q5
_cGB
_2CC
999 _c528923
_d528923